header

Functional metabolism (Record no. 105675)

MARC details
000 -LEADER
fixed length control field 01246nam a2200313Ia 4500
245 00 - TITLE STATEMENT
Title Functional metabolism
260 ## - PUBLICATION, DISTRIBUTION, ETC. (IMPRINT)
Place of publication Hoboken, N.J. :
Name of publisher John Wiley & Sons,
Year of publication c2004.
300 ## - PHYSICAL DESCRIPTION
Number of Pages xvii, 594 p. :
Other physical details ill.
650 #0 - SUBJECT ADDED ENTRY--TOPICAL TERM
Topical Term Metabolism
Topical Term Homeostasis.
Topical Term Adaptation (Physiology)
Topical Term Cellular signal transduction.
700 1# - ADDED ENTRY--PERSONAL NAME
Personal name Storey, K. B.
856 40 - ELECTRONIC LOCATION AND ACCESS
Uniform Resource Identifier http://site.ebrary.com/lib/rucke/Doc?id=10114132

No items available.

© 2026 Rongo University
Contact us: librarian | system librarian | Rongo university